000 00906cam a2200241 4500
001 ABS63997
008 000000n2001 000 0 eng u
035 _a(Sirsi) u112943
245 _aSpecial report 2001: e-business
260 _c2001
490 _aEstates Gazette
_v(0121) 26 May 2001, 119-133(8)
520 _aSpecial feature on e-commerce explores some of the latest initiatives in the property sector. Includes articles on regional e-business, the use of handheld computers or palmtops, Customer Relationship Management (CRM) software, and the project management tool Cadweb.
590 _aABS
650 _aE-COMMERCE
650 _aEBUSINESS
650 _aPROPERTY INDUSTRY
650 _aWEBSITES
650 _aCUSTOMER RELATIONSHIP MANAGEMENT
650 _aMANAGEMENT-PROJECT MANAGEMENT
650 _aSOFTWARE PACKAGES
690 _aINFORMATION TECHNOLOGY-INTERNET
942 _n0
999 _c67232
_d67232